Регионална библиотека "Любен Каравелов" - Русе

Под крилете на земята (Запис номер 379706)

MARC детайли
000 -Лидер
Контролно поле с фиксирана дължина nam a22 a 4500
003 - Код на организацията, давaща контролен номер
Контролно поле BLK
005 - Дата и час на последна редакция
Контролно поле 20200805155537.0
008 - Елементи от данни с фиксирана дължина
fixed length control field 200805b bu ||||| |||| 00| 0 bu d
040 ## - Източник на каталожния запис
Идентификатор на билиотеката - собственик на записа BLK
041 ## - Код за език
Код за езика на текст/звукозапис или на отделно заглавие Български
Код за езика КДБФ Български
080 ## - УДК
Текстов определител УДК Руска литература
УДК код - определител по УДК 821.161.1
УДК определител -32
УДК - код + определител 821.161.1-32
100 1# - Редна дума - Автор
Автор Лидин, Владимир
Авторска отговорност Първи автор
R(LIN) 88730
139 ## - Редно поле
Редна дума Лидин, Владимир
245 10 - Сведения за заглавието
Заглавие Под крилете на земята
Подзаглавни данни Разкази
Редно поле (дума) Владимир Лидин.
257 ## - Страна на издаване
Страна на създаване/издаване България
260 ## - Област на издателските данни
Място на издаване, разпространение и проч. София
Име на издателя, разпространителя и проч. Профиздат
Година на издаване 1965
300 ## - Физическа характеристика
Страници 80 с.
Размери/Мащаб 18 см
380 ## - Жанр
Жанр Худож. лит.
490 ## - СЕРИИ (Колекции)
Име на серия Библиотека за работника
№: серия 13
9 (RLIN) 203266
500 ## - Общи забележки
Забележка 20 100 тир.
852 ## - Местоположение
Форматна сигнатура Цб I 7307
Фондова буква Хранилище
999 ## - СИСТЕМНИ КОНТРОЛНИ НОМЕРА
Koha biblionumber 379706
Koha biblioitemnumber 379706
942 ## - АРТИКУЛИ
Вид на библиотечния материал Книги
Скрит в OPAC Не
Източник на класификационната схема Universal Decimal Classification
Периодичен библиозапис Да
Наличности
Код за отписване Код за изгубен артикул Източник на класификационната схема Код за повреда Код за отдаване Артикулен № Име на библиотеката - собственик Име на библиотеката, в която се намира в момента Статус (Текущо местоположение) Дата на вписване в системата Местоположение - отдел Цена в лева Инвентарен номер Систематично азбучна сигнатура Баркод Цена в евро Служебен тип на артикула
  Не е изгубен Universal Decimal Classification Не е повреден ползва се в читалня 789465 Регионална библиотека "Любен Каравелов" Русе Регионална библиотека "Любен Каравелов" Русе Хранилище 2020-08-11 Хранилище 0.20 4894/65 Цб І 7307 900000028377 0.10 Книги
Vip Innovations Ltd, Rousse, Bulgaria 2025